Nové předpisy souvisejíci se zákoníkem práce.

Úplné znenie nariadenia vlády ČSFR z 15. decembra 1988 č. 223/1988 Zb., ktorým sa vykonáva zákonník práce a zmeny ktorými sa toto nariadenie doplňuje. Vyhláška FMPSV č. 18/1991 Zb., o iných úkonoch vo všeobecnom záujme. Zákon č. 120/1990 Zb., ktorým sa upravujú niektoré vzťahy medzi odborovými organ...

ver descrição completa

Na minha lista:
Detalhes bibliográficos
Formato: Capítulo de Livro
Idioma:tcheco
Assuntos:
Tags: Adicionar Tag
Sem tags, seja o primeiro a adicionar uma tag!

MARC

LEADER 00000naa a2200000 4500
001 r002489
005 20221125080133.5
041 0 |a cze 
044 |a [CS] 
245 1 0 |a Nové předpisy souvisejíci se zákoníkem práce. 
520 |a Úplné znenie nariadenia vlády ČSFR z 15. decembra 1988 č. 223/1988 Zb., ktorým sa vykonáva zákonník práce a zmeny ktorými sa toto nariadenie doplňuje. Vyhláška FMPSV č. 18/1991 Zb., o iných úkonoch vo všeobecnom záujme. Zákon č. 120/1990 Zb., ktorým sa upravujú niektoré vzťahy medzi odborovými organizáciami a zamestnávateľmi, v znení zákona č. 3/1991 Zb. 
610 2 0 |a zákonník práce 
610 2 0 |a odbory 
610 2 0 |a vyhlášky 
610 2 0 |a pomer pracovný 
610 2 0 |a oddych 
610 2 0 |a predpisy právne 
610 2 0 |a práca nadčasová 
610 2 0 |a náhrada mzdy 
610 2 0 |a prekážky v práci 
610 2 0 |a ČSFR 
610 2 0 |a zákony 
610 2 0 |a 1990 
610 2 0 |a 1991